Normal view
MARC view
- Rao C A
Entry Personal Name
001 - CONTROL NUMBER
- control field: 106349
003 - CONTROL NUMBER IDENTIFIER
- control field: OSt
005 - DATE AND TIME OF LATEST TRANSACTION
- control field: 20230112004452.0
008 - FIXED-LENGTH DATA ELEMENTS
- fixed length control field: 230112|| aca||aabn | a|a d
040 ## - CATALOGING SOURCE
- Original cataloging agency: OSt
- Transcribing agency: OSt
100 ## - HEADING--PERSONAL NAME
- Personal name: Rao C A
670 ## - SOURCE DATA FOUND
- Source citation: Work cat.: (OSt)83941: Rao C A, Strategic Human Resource Management, 2014